Mera Saaya (Record no. 20821)
[ view plain ]
| 000 -LEADER | |
|---|---|
| fixed length control field | 02540ngm a2200433 4500 |
| 003 - CONTROL NUMBER IDENTIFIER | |
| control field | dpl |
| 005 - DATE AND TIME OF LATEST TRANSACTION | |
| control field | 20090109165823.0 |
| 007 - PHYSICAL DESCRIPTION FIXED FIELD--GENERAL INFORMATION | |
| fixed length control field | DVD |
| 008 - FIXED-LENGTH DATA ELEMENTS--GENERAL INFORMATION | |
| fixed length control field | ||||||sp199 xxu|||||c ||| 00| 0 ng d |
| 010 ## - LIBRARY OF CONGRESS CONTROL NUMBER | |
| LC control number | DVD-002018-2019 & DVD-004906-5000 |
| 024 ## - OTHER STANDARD IDENTIFIER | |
| Standard number or code | SHE DVD 205 |
| Terms of availability | 99.00 |
| 035 ## - SYSTEM CONTROL NUMBER | |
| System control number | DVD-002018-2019 |
| 035 ## - SYSTEM CONTROL NUMBER | |
| System control number | DVD-004906-5000 |
| 040 ## - CATALOGING SOURCE | |
| Original cataloging agency | DPL |
| Transcribing agency | DPL |
| 082 ## - DEWEY DECIMAL CLASSIFICATION NUMBER | |
| Classification number | DVD / MERA |
| 245 ## - TITLE STATEMENT | |
| Title | Mera Saaya |
| Statement of responsibility, etc | Premji Presents |
| Medium | [videorecording] DVD/ |
| 260 ## - PUBLICATION, DISTRIBUTION, ETC. (IMPRINT) | |
| Name of publisher, distributor, etc | Shemaroo Video Pvt. Ltd. |
| 300 ## - PHYSICAL DESCRIPTION | |
| Extent | 1 videodisc DVD; (132 min.) |
| Other physical details | sd., col. ; |
| Dimensions | 4 3/4 in. |
| Type of unit | DVD |
| 440 ## - SERIES STATEMENT/ADDED ENTRY--TITLE | |
| Title | Shemaroo Home Entertainment |
| 538 ## - SYSTEM DETAILS NOTE | |
| System details note | Dolby Digital 5.1 - Hindi Subtitles: English |
| 538 ## - SYSTEM DETAILS NOTE | |
| System details note | Anamorphic Wide Screen Format, Presented 2:35.1 Aspect Ratio Enhancaead for 16:9 Wide Screen |
| 650 ## - SUBJECT ADDED ENTRY--TOPICAL TERM | |
| Topical term or geographic name as entry element | Motion Picture |
| 700 ## - ADDED ENTRY--PERSONAL NAME | |
| Personal name | Premji |
| 700 ## - ADDED ENTRY--PERSONAL NAME | |
| Personal name | Khosla, Raj |
| 700 ## - ADDED ENTRY--PERSONAL NAME | |
| Personal name | Madan Mohan |
| 700 ## - ADDED ENTRY--PERSONAL NAME | |
| Personal name | Dutt, Sunil |
| 700 ## - ADDED ENTRY--PERSONAL NAME | |
| Personal name | Sadhana |
| 700 ## - ADDED ENTRY--PERSONAL NAME | |
| Personal name | Chopra, Prem |
| 942 ## - ADDED ENTRY ELEMENTS (KOHA) | |
| Koha item type | CD-ROMs, DVDs, VHS |
| Source of classification or shelving scheme | Dewey Decimal Classification |
| Classification part | DVD |
| Call number suffix | MERA |
| Withdrawn status | Lost status | Source of classification or shelving scheme | Damaged status | Not for loan | Home library | Current library | Date acquired | Source of acquisition | Cost, normal purchase price | Total Checkouts | Total Renewals | Full call number | Barcode | Date last seen | Date checked out | Copy number | Cost, replacement price | Price effective from | Koha item type |
|---|---|---|---|---|---|---|---|---|---|---|---|---|---|---|---|---|---|---|---|
| Dewey Decimal Classification | Central Library | Central Library | 09/01/2009 | Purchase | 99.00 | 27 | 1 | DVD MERA | DVD-002018 | 20/11/2012 | 16/11/2012 | 1 | 99.00 | 09/01/2009 | CD-ROMs, DVDs, VHS | ||||
| Dewey Decimal Classification | Janak Puri | Janak Puri | 26/11/2009 | Pioneers/885/29-10-09/325/13-10-09 /06-11-09 | 99.00 | 5 | DVD MERA | DVD-004996 | 03/05/2013 | 20/04/2013 | 1 | 99.00 | 26/11/2009 | CD-ROMs, DVDs, VHS | |||||
| Dewey Decimal Classification | Karol Bagh | Karol Bagh | 26/11/2009 | Pioneers/885/29-10-09/325/13-10-09 /06-11-09 | 99.00 | 17 | DVD MERA | DVD-004999 | 04/01/2013 | 20/12/2012 | 1 | 99.00 | 26/11/2009 | CD-ROMs, DVDs, VHS | |||||
| Dewey Decimal Classification | Narela | Narela | 26/11/2009 | Pioneers/885/29-10-09/325/13-10-09 /06-11-09 | 99.00 | 2 | DVD MERA | DVD-005000 | 03/09/2010 | 27/08/2010 | 1 | 99.00 | 26/11/2009 | CD-ROMs, DVDs, VHS | |||||
| Dewey Decimal Classification | R.K.Puram-8 | R.K.Puram-8 | 26/11/2009 | Pioneers/885/29-10-09/325/13-10-09 /06-11-09 | 99.00 | 4 | DVD MERA | DVD-004997 | 24/02/2014 | 22/02/2014 | 1 | 99.00 | 26/11/2009 | CD-ROMs, DVDs, VHS | |||||
| Dewey Decimal Classification | Sarojini Nagar | Sarojini Nagar | 09/01/2009 | Purchase | 99.00 | 18 | DVD MERA | DVD-002019 | 30/09/2015 | 18/09/2015 | 1 | 99.00 | 09/01/2009 | CD-ROMs, DVDs, VHS | |||||
| Dewey Decimal Classification | Vinoba Puri | Vinoba Puri | 26/11/2009 | Pioneers/885/29-10-09/325/13-10-09 /06-11-09 | 99.00 | 4 | DVD MERA | DVD-004998 | 14/06/2011 | 01/06/2011 | 1 | 99.00 | 26/11/2009 | CD-ROMs, DVDs, VHS |
